Del pliego al periódico: prensa, espacios públicos y construcción nacional en iberoamérica

Guardat en:
Dades bibliogràfiques
Autor principal: Glave Testino, Luis Miguel (Autor)
Format: Llibre
Idioma:espanyol
Publicat: Madrid Fundacion Mapfre Tavera 2000
Col·lecció:Debate y Perspectivas Cuadernos de Historia y Ciencias Sociales, 3
Matèries:
Etiquetes: Afegir etiqueta
Sense etiquetes, Sigues el primer a etiquetar aquest registre!

MARC

LEADER 00000nam a2200000 a 4500
001 UCH9068
003 CL-VaPUC
008 091224e20000000SP |||||||||||||||||spa|d
082 0 4 |a 070.9  |b GLA  |2 21 
100 |a Glave Testino, Luis Miguel  |e author  |9 447215 
245 1 0 |a Del pliego al periódico: prensa, espacios públicos y construcción nacional en iberoamérica 
300 |a 234 p 
942 |c BK 
945 |d 20091224 00:00:00  |a rbrito 
260 |a Madrid  |b Fundacion Mapfre Tavera  |c 2000 
650 0 |a Periodismo   |9 310113 
650 0 |a Historia del periodismo  |9 469806 
650 0 |a Prensa escrita  |9 332803 
650 0 |a Periódicos   |9 335528 
583 |a last modification  |c 20091224 00:00:00  |k Rodrigo Vera 
490 0 |a Debate y Perspectivas Cuadernos de Historia y Ciencias Sociales, 3 
999 |c 339132  |d 339130 
952 |0 0  |1 0  |4 0  |6 070_900000000000000_GLA_2000  |7 0  |8 X  |9 432585  |a FDOBUD  |b FDOBUD  |d 2019-11-22  |i 4625382  |o 070.9 GLA 2000  |p 4625382  |r 2019-11-22  |w 2019-11-22  |y BK_X  |k BUD